Особенности наростообразования при обработке нержавеющих сталей; Технология и автоматизация машиностроения; Вып. 16

Bibliografske podrobnosti
Parent link:Технология и автоматизация машиностроения: республиканский межведомственный научно-технический сборник
Вып. 16.— 1975.— С. 100-101
Glavni avtor: Русаков В. И.
Drugi avtorji: Виноградов А. А., Лещинер Я. А.
Jezik:ruščina
Izdano: 1975
Teme:
Format: MixedMaterials Book Chapter
KOHA link:https://koha.lib.tpu.ru/cgi-bin/koha/opac-detail.pl?biblionumber=594719

MARC

LEADER 00000naa0a2200000 4500
001 594719
005 20250213105239.0
035 |a (RuTPU)RU\TPU\tpu\11546 
090 |a 594719 
100 |a 20040211d1975 k||y0rusy50 ca 
101 0 |a rus 
102 |a RU 
200 1 |a Особенности наростообразования при обработке нержавеющих сталей  |f В. И. Русаков, А. А. Виноградов, Я. А. Лещинер 
461 |t Технология и автоматизация машиностроения  |o республиканский межведомственный научно-технический сборник 
463 |t Вып. 16  |v С. 100-101  |d 1975 
610 1 |a нержавеющие стали 
610 1 |a наростообразования 
610 1 |a обработка 
610 1 |a труды учёных ТПУ 
700 1 |a Русаков  |b В. И. 
701 1 |a Виноградов  |b А. А. 
701 1 |a Лещинер  |b Я. А. 
801 1 |a RU  |b 63413507  |c 20040211  |g PSBO 
801 2 |a RU  |b 63413507  |c 20100319  |g RCR 
942 |c CR